Norvège au Concours Eurovision de la Chanson - Statistics

General Stats
  • This quiz has been taken 4 times
  • The average score is 10 of 15
Answer Stats
Questions Réponses % Correct
Combien de fois la Norvège a-t-elle terminé à la dernière place ? 12
100%
Combien de fois s'est-elle retirée du concours ? 2
100%
Combien de fois a-t-elle gagné l'Eurovision ? 3
100%
Avec quelle chanson et/ou interprète ? Fairytale / Alexander Rybak
100%
Combien de fois la Norvège s'est-elle qualifiée à la grande finale depuis la mise en place des demi-finales en 2004 ? 17
75%
Depuis quelle année la Norvège participe-t-elle au concours ? 1960
75%
Pour la dernière fois en quelle année ? 2009
75%
Qui a représenté la Norvège à l'Eurovision 2024? Gåte
75%
A quel pays la Norvège a-t-elle donné le plus de points en finale depuis 1975 ? Suède
75%
En quelle année la première candidate porte-t-elle un pantalon sur scène ? 1966
50%
Combien de mots différents comporte la chanson Nocturne, gagnante en 1995 ? 24
50%
Comment s'appelle la sélection nationale mise en place pour choisir le représentant au concours depuis les débuts de la Norvège ? Melodi Grand Prix
25%
Dans quelle chanson quelques mots sont-ils chantés en Same du Nord ? Spirit in the sky
25%
En 2011, la chanson norvégienne est rédigée en 2 langues différentes, l'une étant l'anglais. Quelle est la deuxième ? Swahili
25%
Comment s'appelle la norvégienne ayant participé le plus de fois au concours, et étant la plus titrée (1 victoire, 1 deuxième place) Elisabeth Andreassen
0%
No matching quizzes found
Score Distribution
Percent of People with Each Score
Percentile by Number Answered
Your Score History
You have not taken this quiz